IFM Opac

Special Librarianship (Record no. 19069)

MARC details
000 -LEADER
fixed length control field 00338nam a22001457a 4500
020 ## - INTERNATIONAL STANDARD BOOK NUMBER
International Standard Book Number 0851572774
082 ## - DEWEY DECIMAL CLASSIFICATION NUMBER
Classification number 026 ASH
100 ## - MAIN ENTRY--PERSONAL NAME
Personal name ASHWORTH, Wilfred
245 ## - TITLE STATEMENT
Title Special Librarianship
260 ## - PUBLICATION, DISTRIBUTION, ETC.
Place of publication, distribution, etc. London
Name of publisher, distributor, etc. Clive Bingley
Date of publication, distribution, etc. 1979
300 ## - PHYSICAL DESCRIPTION
Extent 120p.
Other physical details 22cm
500 ## - GENERAL NOTE
General note Include: Index
650 ## - SUBJECT ADDED ENTRY--TOPICAL TERM
Topical term or geographic name entry element Special Librarianship
942 ## - ADDED ENTRY ELEMENTS (KOHA)
Koha item type Books
Holdings
Withdrawn status Lost status Source of classification or shelving scheme Damaged status Not for loan Home library Current library Shelving location Date acquired Full call number Barcode Date last seen Price effective from Koha item type
    Dewey Decimal Classification     IFM Main Campus Library IFM Main Campus Library   10/06/2017 026 ASH 0000014092 10/06/2017 10/06/2017 Books